000
00455nam a2200157Ia 4500
008
100122s9999 xx 000 0 und d
082
_b
56526
_a
823
100
_a
आपटे ह ना
245
_a
वज्राघात
260
_b
जतिन रांगणेकर
_c
1999
300
_a
212
630
_a
वज्राघात
700
_a
रांगणेकर जतिन
730
_a
वज्राघात
942
_c
BOOK
999
_c
432935
_d
432932